000 00597nam a2200205Ia 4500
001 14779
003 GE_BSU
008 181216s||||||||xx |||||||||||||| ||und||
040 _cGE_BSU
080 _a530(075.8)+51(075.8)
100 _aАраманович, И.Г. Левин,В.И
245 _aУравнения математической физики
245 _cРед.Р.А.Уварова
260 _aМосква
260 _bНаука
260 _c1964
300 _a288стр.20см.
653 _aУравнения математической физики
942 _cBK
999 _c47902
_d47902